Groupes de YouTubers - Statistiques

Statistiques générales
  • Ce quiz a été pris 153 fois
  • Le résultat moyen est 13 sur 35
Statistiques - réponses
Réponse % Correct
Hugo Tout Seul
84%
Mister V
84%
NORMAN FAIT DES VIDEOS
80%
Kemar
68%
ANDY
61%
Cyprien
61%
Natoo
60%
LaChaineDeJeremy
58%
Le Rire Jaune
54%
Pat la réalisation
50%
JIGME
47%
Hakim Jemili
42%
Ugo
41%
Aziatomik
39%
ManuMaisPasTrop2
39%
Julien Josselin
36%
Choop Tube
30%
JEREMIE DETHELOT
30%
Jimmyfaitlcon
28%
Malcolm TotheWorld
25%
Yousstube
25%
MiKE KENLi
24%
Nad Rich'Hard
24%
Raphaël Descraques
24%
Air Pirault
22%
Florian Nguyen
20%
La Ferme Jerome
20%
Avner
19%
Juliette Tresanini
16%
Vincent Tirel
16%
Léa Camilleri
14%
Marjorie Le Noan
13%
Brice Duan
11%
Florent Bernard
8%
Meily
7%
Aucun quiz correspondant
Distribution des résultats
% des personnes avec chaque résultat
Percentile par nombre de réponses
Votre historique - résultats
Vous n’avez pas pris ce quiz